000 01260naa a22003497a 4500
001 BR7405465
003 BR-BrBNA
005 20240918173623.0
007 ta
008 230509b bl.||||| |||| 00| 0 por d
040 _aBR-BrBNA
_bpor
_cBiblioteca Nacional de Agricultura
041 _a(Pt)
072 _aL00
_b6100
090 _aL00 BR7405465
100 1 _aFerreira, J.A.
100 1 _aCampos, E.J.
100 1 _aOliveira, B.L. de
111 1 _a11. Reuniao da Sociedade Brasileira de Zootecnia
_cFortaleza, CE (Brazil)
_d22 Jul 1974
245 1 _aComparacao entre alguns sistemas de criacao de frangos de corte
260 3 _aFortaleza, CE (Brasil):
_bUniversidade Federal do Ceara,
_c1974.
500 _aAnais da 11. Reuniao da Sociedade Brasileira de Zootecnia Fortaleza, CE (Brasil): Universidade Federal do Ceara, 1974. p. 210-211 (BR7405465-AM)L00
650 _aProducao animal
650 _aFrango de corte
650 _aCriacao
650 _aCama de galinheiro
650 _aGaiola
650 _aManejo
650 _aGanho de peso
773 0 _tAnais da 11. Reuniao da Sociedade Brasileira de Zootecnia
_wL00 BR7405465
_gFortaleza, CE (Brasil), 1974. p. 210-211
909 _a202404
_bLucia
_c55
_dLucia Elande
942 _cAM
_2AGRIS
999 _c305801
_d305801